000 00355 a2200169 4500
001 59673
020 _a9788526267299
040 _cAnchieta - Pituba
100 _aRubin, Sarah Giersztel
240 1 0 _aInglês
_lpor
245 1 0 _aInglês
300 _a424
362 0 _a2007
440 1 _aScipione
650 4 _aInglês e inglês antigo
942 _cBK
999 _c59673
_d59673